Statistiques concernant Intercommunalités de la Vendée

Cliquez ici pour prendre le quiz!

Statistiques générales

  • Ce quiz a été pris 19 fois
  • Le résultat moyen est 10 sur 19

Statistiques - réponses

Nombres de CommunesIntercommunalités% Correct
13La Roche-sur-Yon-Agglomération
94%
05Les Sables-d'Olonne-Agglomération
88%
04Communauté de communes de l'Île-de-Noirmoutier
81%
08Communauté de communes du Pays des Herbiers
69%
25Pays-de-Fontenay-Vendée
69%
11Challans-Gois-Communauté
63%
43Sud-Vendée-Littoral
63%
10Terres de Montaigu, communauté d'agglomération
63%
10Communauté de communes du Pays-de-Chantonnay
56%
10Communauté de communes du Pays-de-Pouzauges
56%
14Pays de Saint-Gilles-Croix-de-Vie Agglomération
56%
05Communauté de communes Océan-Marais-de-Monts
50%
20Vendée-Grand-Littoral
44%
11Communauté de communes du Pays-de-Mortagne
38%
10Communauté de communes du Pays-de-Saint-Fulgent-les-Essarts
38%
15Communauté de communes de Vie-et-Boulogne
31%
14Communauté de communes du Pays-de-la-Châtaigneraie
25%
09Communauté de communes du Pays-des-Achards
19%
15Communauté de communes Vendée-Sèvre-Autise
6%

Distribution des résultats

Percentile par nombre de réponses

% des personnes avec chaque résultat

Votre développement - résultats

Vous n’avez pas pris ce quiz